LDR 00755naa#a2200205#i#450# 001 EN\\bibl\126625 005 20260703154125.5 011 ## _a2587-6740 100 ## _a20260615b2026####ek#y0engy0150####ca 102 ## _aRU 200 1# _aImproving the mechanisms of regulating interbranch proportions in the agro-industrial complex of the Krasnodar territory _eJournal article 210 1# _aMoscow _cElectronic science _d2026 215 ## _a4 с. 608 ## _aJournal article _2local 675 ## _aФункциональные зоны. 332.122.62 _aОрганизация. 332.154 _z 700 #1 _aGurnovich _gTatyana Genrihovna 700 #1 _aMokrushin _gAlexander Aleksandrovich 700 #1 _aNovoselova _gAnna Il'inichna 700 #1 _aDemchenko _gDmitry Alekseevich 856 4# _aqje.su _u